Genetic variation of Triticum turgidum accessions characterized by DNA markers

Bibliographic Details
Main Authors: Kokindová, Michaela (Author), Kraic, Ján (Author)
Format: Article
Language:English

MARC

LEADER 00000nab a2200000uu 4500
001 vtls011438249
003 SK-MaSNL
005 20260303122620.0
008 230213|2005 xo |||||||||||||||||eng|
015 |a SNBRB 
035 |a (urnnbn)urn:nbn:sk:snk:ar-002obn 
035 |a (uuid)17555d27-64bf-4ec7-9c40-69db1270cf48 
035 |a urn:nbn:sk:snk-abcd80 
040 |a SNKBUCL  |b slo  |c SNKBUCL  |e AACR2 
041 0 |a eng 
044 |a xo  |c SK 
100 1 |a Kokindová, Michaela  |4 aut  |9 792503 
245 1 0 |a Genetic variation of Triticum turgidum accessions characterized by DNA markers  |c Michaela Kokindová, Ján Kraic 
700 1 |a Kraic, Ján  |4 aut  |9 11767 
773 0 |t Biologia : journal of the Slovak Academy of Sciences  |g Roč. 60, č. 4 (2005), s. 451-456 
954 |a odborná, vedecká literatúra pôvodná (slovenská)  |2 lita 
958 |a OND 
958 |a EUIPO 
958 |a article16 
999 |c 1921813  |d 1923743